Statistics for Irregular Verbs - in a alphabetic order

Click here to take the quiz!

General Stats

  • This quiz has been taken 30 times
  • The average score is 87 of 128

Answer Stats

HintAnswer% Correct
DriveDrove
Driven
91%
AriseArose
Arisen
86%
BecomeBecame
Become
86%
FeelFelt
Felt
86%
LeaveLeft
Left
86%
EatAte
Eaten
82%
BeginBegan
Begun
82%
BetBet
Bet
82%
BreakBroke
Broken
82%
BuildBuilt
Built
82%
BurnBurnt
Burnt
82%
ComeCame
Come
82%
CutCut
Cut
82%
FeedFed
Fed
82%
FallFell
Fallen
82%
ForgetForgot
Forgotten
82%
FightFought
Fought
82%
GiveGave
Given
82%
LoseLost
Lost
82%
MeanMeant
Meant
82%
MeetMet
Met
82%
PutPut
Put
82%
RunRan
Run
82%
RingRang rung
82%
SpeakSpoke
Spoken
82%
AwakeAwoke
Awoken
77%
BuyBought
Bought
77%
CastCast
Cast
77%
ChooseChose
Chosen
77%
CostCost
Cost
77%
DrawDrew
Drawn
77%
FindFound
Found
77%
GetGot
Got
77%
GrowGrew
Grown
77%
HearHeard
Heard
77%
HideHid
Hidden
77%
KeepKept
Kept
77%
KnowKnew
Known
77%
LetLet
Let
77%
MakeMade
Made
77%
PayPaid
Paid
77%
ReadRead
Read
77%
RideRode
Ridden
77%
RiseRose
Risen
77%
SaySaid
Said
77%
SingSang
Sung
77%
SeeSaw
Seen
77%
SendSent
Sent
77%
SetSet
Set
77%
ShutShut
Shut
77%
SellSold
Sold
77%
BendBent
Bent
73%
BiteBit
Bitten
73%
BleedBled
Bled
73%
BlowBlew
Blown
73%
BringBrought
Brought
73%
BurstBurst
Burst
73%
CatchCaught
Caught
73%
DoDid
Done
73%
DrinkDrank
Drunk
73%
DreamDreamt
Dreamt
73%
ForgiveForgave
Forgiven
73%
FreezeFroze
Frozen
73%
HaveHad
Had
73%
HoldHeld
Held
73%
HitHit
Hit
73%
HurtHurt
Hurt
73%
LeadLed
Led
73%
QuitQuit
Quit
73%
SinkSank
Sunk
73%
BeatBeat
Beaten
68%
CreepCrept
Crept
68%
GrindGround
Ground
68%
HangHung
Hung
68%
LayLaid
Laid
68%
LearnLearnt
Learnt
68%
LendLent
Lent
68%
ShootShot
Shot
68%
ShowShowed
Shown
68%
SleepSlept
Slept
68%
SpendSpent
Spent
68%
DigDug
Dug
64%
FlyFlew
Flown
64%
ForbidForbade
Forbidden
64%
KneelKnelt
Knelt
64%
LightLit
Lit
64%
SitSat
Sat
64%
ShineShone
Shone
64%
ShakeShook
Shaken
64%
SmellSmelt
Smelt
64%
SwimSwam
Swum
64%
TeachTaught
Taught
64%
TellTold
Told
64%
GoWent
Gone
64%
ClingClung
Clung
59%
FleeFled
Fled
59%
LeapLeapt
Leapt
59%
SlideSlid
Slid
59%
StealStole
Stolen
59%
StandStood
Stood
59%
StickStuck
Stuck
59%
ThinkThought
Thought
59%
TakeTook
Taken
59%
BeWas, Were
Been
59%
Wake (up)Woke
Woken
59%
WinWon
Won
59%
SlingSlung
Slung
55%
SpitSpat
Spat
55%
SpellSpelt
Spelt
55%
ThrowThrew
Thrown
55%
TearTore
Torn
55%
UnderstandUnderstood
Understood
55%
WearWore
Worn
55%
WriteWrote
Written
55%
SpreadSpread
Spread
50%
SweepSwept
Swept
50%
DealDealt
Dealt
45%
LieLay
Lain
45%
ThrustThrust
Thrust
45%
SpinSpun
Spun
41%
StringStrung
Strung
41%
SwingSwung
Swung
36%
WindWound
Wound
36%
WeaveWove
Woven
36%
StrikeStruck
Struck
32%
StrideStrode
Strode
27%
StrewStrewed
Strewed
14%
BearBore
Born, Borne
9%

Score Distribution

Percentile by Number Answered

Percent of People with Each Score

Your Score History

You have not taken this quiz